[Event "2. Bundesliga West 2014/15"]
[Site "Diverse"]
[Date "2014.10.10"]
[Round "1"]
[Board "3"]
[White "Velickovic, Zoran"]
[Black "Kaspret, Guido"]
[Result "1-0"]
[WhiteElo "2398"]
[BlackElo "2308"]
[PlyCount "59"]
[EventDate "2014.10.10"]
[EventType "team"]
[EventRounds "11"]
[EventCountry "AUT"]
[WhiteTeam "SIR Bernhard 2"]
[BlackTeam "Sparkasse Neumarkt"]

1.Nf3 d6 2.d4 Nf6 3.g3 g6 4.b3 Bg7 5.Bb2 O-O 6.Bg2 e5 7.dxe5 Ng4 8.Qc1 Nxe5 9.Nxe5
dxe5 10.O-O Nc6 11.Nc3 Bg4 12.Rd1 Qc8 13.Bxc6 bxc6 14.Qe3 f5 15.f3 f4 16.Qe4 Bf5 17.Qxc6
fxg3 18.hxg3 Bxc2 19.Rd7 Bf5 20.Rxc7 Qe6 21.Nd5 Qxc6 22.Ne7+ Kh8 23.Rxc6 Rad8 24.Nxf5
gxf5 25.Re6 e4 26.Bxg7+ Kxg7 27.fxe4 fxe4 28.Rxe4 Rd2 29.a4 Rb2 30.b4 1-0

[Event "2. Bundesliga West 2014/15"]
[Site "Diverse"]
[Date "2014.10.10"]
[Round "1"]
[Board "4"]
[White "Wuppinger, Manfred"]
[Black "Harringer, Franz"]
[Result "1-0"]
[WhiteElo "2073"]
[BlackElo "2239"]
[PlyCount "75"]
[EventDate "2014.10.10"]
[EventType "team"]
[EventRounds "11"]
[EventCountry "AUT"]
[WhiteTeam "Sparkasse Neumarkt"]
[BlackTeam "SIR Bernhard 2"]

1.e4 Nf6 2.e5 Nd5 3.c4 Nb6 4.d4 d6 5.Nf3 Nc6 6.exd6 cxd6 7.Nc3 Bg4 8.Be2 g6 9.b3 Bg7
10.Be3 O-O 11.h3 Bxf3 12.Bxf3 e6 13.Rc1 d5 14.cxd5 Nxd5 15.Nxd5 exd5 16.O-O Qa5 17.a4
Ne7 18.Rc5 Qd8 19.Bg5 f6 20.Bf4 g5 21.Bc1 b6 22.Rb5 a6 23.Rb4 Nc6 24.Qd2 Rc8 25.Ba3
Re8 26.Bg4 Rb8 27.Rc1 Nxb4 28.Bxb4 a5 29.Ba3 Bf8 30.Bxf8 Rxf8 31.Be6+ Kh8 32.Rc6 Qe7
33.Qc2 f5 34.g4 Rb7 35.gxf5 Qg7 36.Qc3 g4 37.h4 Qe7 38.Qg3 1-0

[Event "2. Bundesliga West 2014/15"]
[Site "Diverse"]
[Date "2014.10.10"]
[Round "1"]
[Board "5"]
[White "Wieneroiter, Gerald"]
[Black "Kuess, Mario"]
[Result "1-0"]
[WhiteElo "2140"]
[BlackElo "2010"]
[PlyCount "93"]
[EventDate "2014.10.10"]
[EventType "team"]
[EventRounds "11"]
[EventCountry "AUT"]
[WhiteTeam "SIR Bernhard 2"]
[BlackTeam "Sparkasse Neumarkt"]

1.Nf3 f5 2.c4 Nf6 3.Nc3 e6 4.g3 b6 5.Bg2 Bb7 6.O-O Be7 7.d4 Bb4 8.Bd2 Bxc3 9.Bxc3
Ne4 10.Bb4 c5 11.Ba3 d6 12.Nd2 Nd7 13.Nxe4 Bxe4 14.Bxe4 fxe4 15.dxc5 Nxc5 16.Qd4 Qe7
17.b4 Nb7 18.Qxe4 O-O 19.Bb2 Rac8 20.Rac1 Nd8 21.a3 Nc6 22.f4 Qd7 23.Rfd1 Ne7 24.Rd3
d5 25.cxd5 Rxc1+ 26.Bxc1 Nxd5 27.Bb2 Qc6 28.Qe5 Rf6 29.Qd4 Qc2 30.Rd2 Qb1+ 31.Rd1
Qc2 32.Qd2 Qxd2 33.Rxd2 Rf8 34.b5 Rc8 35.e4 Ne3 36.Rd7 Rc2 37.Rxg7+ Kf8 38.Bd4 Rg2+
39.Kh1 Re2 40.h4 Re1+ 41.Kh2 Nf1+ 42.Kg2 Rxe4 43.Kxf1 Rxd4 44.Rxa7 Rd3 45.Kg2 Rb3
46.a4 h5 47.Ra6 1-0

[Event "2. Bundesliga West 2014/15"]
[Site "Diverse"]
[Date "2014.10.10"]
[Round "1"]
[Board "6"]
[White "Baier, Patrick"]
[Black "Kliegl, Severin"]
[Result "1-0"]
[WhiteElo "1954"]
[BlackElo "1906"]
[PlyCount "83"]
[EventDate "2014.10.10"]
[EventType "team"]
[EventRounds "11"]
[EventCountry "AUT"]
[WhiteTeam "Sparkasse Neumarkt"]
[BlackTeam "SIR Bernhard 2"]

1.Nf3 e6 2.g3 f5 3.Bg2 Nf6 4.d4 d5 5.O-O Bd6 6.c4 c6 7.Bg5 O-O 8.Nbd2 Nbd7 9.Qc2 h6
10.Bxf6 Nxf6 11.a3 Bd7 12.b4 Rc8 13.Qb2 Be8 14.Rfc1 Bh5 15.a4 Bxf3 16.Nxf3 dxc4 17.Rxc4
Nd5 18.b5 Qb6 19.Rac1 Rc7 20.Nd2 Rfc8 21.e3 c5 22.R4c2 cxd4 23.Rxc7 Rxc7 24.Rxc7 Bxc7
25.exd4 Qa5 26.Bxd5 exd5 27.Qc2 Bb6 28.Qc8+ Bd8 29.Qxf5 Bf6 30.Qxd5+ Kh8 31.Ne4 Qxa4
32.Nxf6 gxf6 33.Kg2 a6 34.bxa6 bxa6 35.Qd8+ Kg7 36.Qe7+ Kg6 37.d5 a5 38.d6 Qc6+ 39.Kh3
Qc5 40.Qe8+ Kg5 41.f4+ Kf5 42.Qh5+ 1-0

[Event "2. Bundesliga West 2014/15"]
[Site "Diverse"]
[Date "2014.10.10"]
[Round "1"]
[Board "1"]
[White "Roeberg, Frank"]
[Black "Medvegy, Zoltan"]
[Result "0-1"]
[WhiteElo "2249"]
[BlackElo "2526"]
[PlyCount "64"]
[EventDate "2014.10.10"]
[EventType "team"]
[EventRounds "11"]
[EventCountry "AUT"]
[WhiteTeam "Schwarzach"]
[BlackTeam "Ranshofen"]

1.e4 e6 2.Nf3 d5 3.Nc3 d4 4.Ne2 c5 5.c3 Nf6 6.e5 Nfd7 7.cxd4 cxd4 8.Nexd4 Nxe5 9.Bb5+
Nec6 10.O-O Be7 11.Nb3 a6 12.Be2 a5 13.d4 a4 14.Nc5 Nxd4 15.Nxd4 Bxc5 16.Bb5+ Ke7
17.Nf5+ exf5 18.Re1+ Be6 19.Bg5+ f6 20.Qe2 Qb6 21.Bc4 fxg5 22.Bxe6 Bxf2+ 23.Kh1 Qe3
24.Qf1 Bxe1 25.Rxe1 Qxe6 26.Rxe6+ Kxe6 27.Qc4+ Kf6 28.Qd4+ Kg6 29.g4 fxg4 30.Qe4+
Kh6 31.h4 Nc6 32.Qxg4 Ra5 0-1

[Event "2. Bundesliga West 2014/15"]
[Site "Diverse"]
[Date "2014.10.10"]
[Round "1"]
[Board "2"]
[White "Konnyu, Janos"]
[Black "Hecht, Hans-Joachim"]
[Result "1-0"]
[WhiteElo "2339"]
[BlackElo "2326"]
[PlyCount "39"]
[EventDate "2014.10.10"]
[EventType "team"]
[EventRounds "11"]
[EventCountry "AUT"]
[WhiteTeam "Ranshofen"]
[BlackTeam "Schwarzach"]

1.e4 e6 2.d4 d5 3.Nc3 Nc6 4.e5 Bd7 5.Nf3 f6 6.Bd3 Qe7 7.a3 Nh6 8.b4 fxe5 9.Bg5 Qf7
10.b5 Nb4 11.axb4 Bxb4 12.Bd2 exd4 13.Ne2 Bd6 14.Ng5 Qf6 15.Ng3 g6 16.Qf3 Qg7 17.O-O
Nf7 18.Rfe1 Ne5 19.Qe2 Nxd3 20.Nxe6 1-0

[Event "2. Bundesliga West 2014/15"]
[Site "Diverse"]
[Date "2014.10.10"]
[Round "1"]
[Board "3"]
[White "Ljubic, Juro"]
[Black "Riediger, Martin"]
[Result "1/2-1/2"]
[WhiteElo "2213"]
[BlackElo "2262"]
[PlyCount "107"]
[EventDate "2014.10.10"]
[EventType "team"]
[EventRounds "11"]
[EventCountry "AUT"]
[WhiteTeam "Schwarzach"]
[BlackTeam "Ranshofen"]

1.e4 e5 2.Nc3 Nf6 3.g3 d6 4.Bg2 g6 5.Nge2 Bg7 6.O-O O-O 7.d4 Nc6 8.dxe5 Nxe5 9.f4
Ned7 10.Be3 Re8 11.h3 Nf8 12.g4 h5 13.g5 Nxe4 14.Bxe4 Bxh3 15.Qd3 Bxf1 16.Rxf1 c6
17.Bg2 d5 18.Bd4 Bxd4+ 19.Nxd4 Qe7 20.Nf3 Qe3+ 21.Qxe3 Rxe3 22.Kf2 Rae8 23.Ne5 R3xe5
24.fxe5 Rxe5 25.Bh3 d4 26.Ne2 c5 27.b4 b6 28.bxc5 Rxc5 29.Nxd4 Nh7 30.Rb1 Rc4 31.Rd1
Nxg5 32.Bg2 Kg7 33.Bd5 Rc3 34.Rd3 Rc5 35.c4 Kf6 36.Ra3 Ne6 37.Rf3+ Ke5 38.Nxe6 fxe6
39.Re3+ Kf5 40.Bxe6+ Kf6 41.a4 Re5 42.Bd5 Rxe3 43.Kxe3 Ke5 44.Bf7 Kf5 45.Kf3 Ke5 46.Ke3
Kf5 47.Be8 h4 48.Bd7+ Ke5 49.Bh3 g5 50.Bg4 Kd6 51.Kd4 Kc6 52.Bf3+ Kd6 53.Bg4 Kc6 54.Bf5 1/2-1/2

[Event "2. Bundesliga West 2014/15"]
[Site "Diverse"]
[Date "2014.10.10"]
[Round "1"]
[Board "4"]
[White "Knechtel, Roland"]
[Black "Stoeckl, Norbert"]
[Result "1/2-1/2"]
[WhiteElo "2258"]
[BlackElo "2094"]
[PlyCount "136"]
[EventDate "2014.10.10"]
[EventType "team"]
[EventRounds "11"]
[EventCountry "AUT"]
[WhiteTeam "Ranshofen"]
[BlackTeam "Schwarzach"]

1.d4 Nf6 2.Nf3 g6 3.c4 Bg7 4.Nc3 d5 5.Bg5 Ne4 6.cxd5 Nxg5 7.Nxg5 e6 8.Nf3 exd5 9.e3
O-O 10.b4 b6 11.Qb3 Be6 12.Be2 h6 13.O-O Qd6 14.b5 c5 15.bxc6 Nxc6 16.Nb5 Qe7 17.a4
Rfc8 18.Rfc1 g5 19.Ne1 Bf8 20.Nc3 Na5 21.Qa2 Qb7 22.h3 Rc6 23.Bf3 Rac8 24.Ne2 Nc4
25.e4 R6c7 26.e5 Qa6 27.Ng3 Qa5 28.Nh5 Bb4 29.Nf6+ Kf8 30.Rab1 Nd2 31.Rxc7 Nxf3+ 32.Nxf3
Rxc7 33.Qb3 Rc4 34.Qd3 Ke7 35.Ra1 Bc3 36.Ra2 Qb4 37.Qh7 Qb3 38.Qc2 Qxc2 39.Rxc2 Kd8
40.g4 Kc7 41.Ne8+ Kd7 42.Nd6 Rc6 43.Nb5 Ba1 44.Ra2 Rc1+ 45.Kg2 a6 46.Na3 Bc3 47.Nc2
Kc7 48.Ng1 Rb1 49.Ne2 Ba5 50.f4 gxf4 51.Nxf4 Rd1 52.Kf3 Rd2 53.Ke3 Rh2 54.Nb4 Rxa2
55.Nxe6+ fxe6 56.Nxa2 Be1 57.Nc1 Kd7 58.Nd3 Bc3 59.h4 b5 60.Nc5+ Ke7 61.Kd3 Be1 62.h5
bxa4 63.Nxa4 a5 64.Nc5 Bh4 65.Kc3 Be1+ 66.Kb3 Bf2 67.Kc3 Be1+ 68.Kc2 Bf2 1/2-1/2

[Event "2. Bundesliga West 2014/15"]
[Site "Diverse"]
[Date "2014.10.10"]
[Round "1"]
[Board "5"]
[White "Huber, Josef"]
[Black "Spiesberger, Gerhard"]
[Result "1-0"]
[WhiteElo "1975"]
[BlackElo "2054"]
[PlyCount "59"]
[EventDate "2014.10.10"]
[EventType "team"]
[EventRounds "11"]
[EventCountry "AUT"]
[WhiteTeam "Schwarzach"]
[BlackTeam "Ranshofen"]

1.d4 e6 2.Nf3 f5 3.Nc3 Nf6 4.Bg5 Bb4 5.g3 O-O 6.Bg2 d6 7.O-O Nbd7 8.Re1 h6 9.Bxf6
Nxf6 10.Nd2 e5 11.Nd5 Nxd5 12.Bxd5+ Kh8 13.c3 Ba5 14.dxe5 dxe5 15.Bb3 f4 16.e3 Bh3
17.Nc4 fxg3 18.hxg3 Qf6 19.Qe2 Bb6 20.Nxb6 axb6 21.Rad1 Qg5 22.Rd2 Bg4 23.Qf1 Bf3
24.Qh3 Rad8 25.Rxd8 Rxd8 26.Bc4 Rd2 27.Qc8+ Kh7 28.Bg8+ Kg6 29.Qe8+ Kf5 30.Qe6+ 1-0

[Event "2. Bundesliga West 2014/15"]
[Site "Diverse"]
[Date "2014.10.10"]
[Round "1"]
[Board "6"]
[White "Kuecher, Wolfgang"]
[Black "Rauchenbacher, Robert"]
[Result "1-0"]
[WhiteElo "2077"]
[BlackElo "1765"]
[PlyCount "55"]
[EventDate "2014.10.10"]
[EventType "team"]
[EventRounds "11"]
[EventCountry "AUT"]
[WhiteTeam "Ranshofen"]
[BlackTeam "Schwarzach"]

1.d4 Nf6 2.Bg5 d5 3.Bxf6 exf6 4.e3 Bf5 5.Nf3 c6 6.Be2 Bd6 7.O-O Qc7 8.c4 dxc4 9.Bxc4
O-O 10.Nc3 Nd7 11.Rc1 Nb6 12.Be2 Qe7 13.Re1 Rfd8 14.Nh4 Bg6 15.Bf3 f5 16.g3 Qg5 17.Nxg6
hxg6 18.a4 Bb4 19.Qb3 Qe7 20.Red1 Bxc3 21.bxc3 Rd7 22.Rb1 Rb8 23.a5 Nd5 24.c4 Nf6
25.Bxc6 Rc7 26.Bg2 Rbc8 27.c5 g5 28.Bxb7 1-0

[Event "2. Bundesliga West 2014/15"]
[Site "Diverse"]
[Date "2014.10.11"]
[Round "2"]
[Board "1"]
[White "Berchtenbreiter, Maximilian"]
[Black "Wegener, Olaf"]
[Result "0-1"]
[WhiteElo "2384"]
[BlackElo "2441"]
[PlyCount "108"]
[EventDate "2014.10.10"]
[EventType "team"]
[EventRounds "11"]
[EventCountry "AUT"]
[WhiteTeam "HAK/HAS Innsbruck"]
[BlackTeam "Rochade Rum"]

1.e4 c5 2.Nf3 d6 3.d4 cxd4 4.Nxd4 Nf6 5.Nc3 a6 6.Be3 e5 7.Nb3 Be6 8.Qd2 Nbd7 9.O-O-O
Be7 10.f4 b5 11.Kb1 O-O 12.f5 Bc4 13.g4 Nxg4 14.Rg1 Nxe3 15.Qxe3 Bxf1 16.Rdxf1 Kh8
17.Nd5 Nf6 18.Nd2 Rc8 19.Rg2 Rc5 20.Nxf6 Bxf6 21.Rfg1 Qc8 22.Nf1 d5 23.Ng3 dxe4 24.a4
bxa4 25.Nxe4 Rc6 26.Nxf6 Rxf6 27.Rxg7 Qxf5 28.R7g5 Qf4 29.Qa3 Rb8 30.R5g4 Qf5 31.Rg5
Qf4 32.R5g4 Qf5 33.Rg5 Qe6 34.h4 Rg6 35.Rxg6 hxg6 36.h5 Kg7 37.hxg6 fxg6 38.Qxa4 Rxb2+
39.Kxb2 Qb6+ 40.Qb3 Qxg1 41.Qb7+ Kh6 42.Qxa6 Qd4+ 43.Kb3 e4 44.Qe2 e3 45.c3 Qe4 46.c4
g5 47.Kc3 g4 48.Qe1 Kg5 49.c5 Kf4 50.Qh4 Qe5+ 51.Kc4 e2 52.Qe1 g3 53.c6 Kf3 54.Kd3
Qd5+ 0-1

[Event "2. Bundesliga West 2014/15"]
[Site "Diverse"]
[Date "2014.10.11"]
[Round "2"]
[Board "2"]
[White "Braeuer, Franz"]
[Black "Nuber, Blasius"]
[Result "1/2-1/2"]
[WhiteElo "2387"]
[BlackElo "2349"]
[PlyCount "68"]
[EventDate "2014.10.10"]
[EventType "team"]
[EventRounds "11"]
[EventCountry "AUT"]
[WhiteTeam "Rochade Rum"]
[BlackTeam "HAK/HAS Innsbruck"]

1.e4 e5 2.Nf3 Nc6 3.d4 exd4 4.Nxd4 Qf6 5.Nb5 Bc5 6.Qe2 Bb6 7.N1c3 Ba5 8.Bd2 a6 9.Na3
b5 10.O-O-O Nge7 11.Nd5 Bxd2+ 12.Qxd2 Nxd5 13.exd5 Ne7 14.d6 cxd6 15.Qxd6 Qxd6 16.Rxd6
Bb7 17.c4 Rc8 18.Kd2 b4 19.Nc2 a5 20.Ne3 Rc6 21.Rd4 Rf6 22.f3 d6 23.Bd3 Kd7 24.Re1
Rc8 25.Rh4 h6 26.Rg4 g6 27.Be4 Bxe4 28.Rxe4 Re6 29.Rf4 f5 30.Rd4 Rc5 31.f4 Nc6 32.Rd3
Re4 33.Nd5 Rxe1 34.Kxe1 Ne7 1/2-1/2

[Event "2. Bundesliga West 2014/15"]
[Site "Diverse"]
[Date "2014.10.11"]
[Round "2"]
[Board "3"]
[White "Hajdarevic, Dino"]
[Black "Pogan, Nikolas"]
[Result "1/2-1/2"]
[WhiteElo "2135"]
[BlackElo "2284"]
[PlyCount "61"]
[EventDate "2014.10.10"]
[EventType "team"]
[EventRounds "11"]
[EventCountry "AUT"]
[WhiteTeam "HAK/HAS Innsbruck"]
[BlackTeam "Rochade Rum"]

1.e4 d6 2.d4 Nf6 3.Nc3 e5 4.Nf3 Nbd7 5.Bc4 Be7 6.O-O O-O 7.Re1 a6 8.a4 b6 9.dxe5 Nxe5
10.Nxe5 dxe5 11.Nd5 Nxd5 12.Bxd5 Rb8 13.Be3 Qd6 14.Qe2 c6 15.Bb3 Qg6 16.f3 h5 17.Qf2
Bd8 18.Red1 Bc7 19.Qg3 Qxg3 20.hxg3 Rd8 21.Bg5 Rxd1+ 22.Rxd1 Kf8 23.Be3 Ke7 24.Kf2
Be6 25.Bxe6 Kxe6 26.Ke2 g6 27.b3 Ra8 28.Ra1 Rb8 29.Rd1 Rh8 30.Ra1 f5 31.Rh1 1/2-1/2

[Event "2. Bundesliga West 2014/15"]
[Site "Diverse"]
[Date "2014.10.11"]
[Round "2"]
[Board "4"]
[White "Spornberger, Maximilian"]
[Black "Meier, Alexander"]
[Result "1/2-1/2"]
[WhiteElo "2347"]
[BlackElo "2186"]
[PlyCount "166"]
[EventDate "2014.10.10"]
[EventType "team"]
[EventRounds "11"]
[EventCountry "AUT"]
[WhiteTeam "Rochade Rum"]
[BlackTeam "HAK/HAS Innsbruck"]

1.e4 e5 2.Nf3 Nf6 3.Nxe5 Nxe4 4.Qe2 Qe7 5.Qxe4 d6 6.d4 dxe5 7.dxe5 Nc6 8.Bf4 g5 9.Bd2
f5 10.Qe3 f4 11.Qe4 Bg7 12.Bb5 O-O 13.Bxc6 bxc6 14.Bc3 Bf5 15.Qxc6 Bxc2 16.O-O Rab8
17.Na3 Bf5 18.Nb5 Bd7 19.Qc4+ Kh8 20.a4 a6 21.Nxc7 f3 22.e6 Rf4 23.Bxg7+ Qxg7 24.Qc3
Qxc3 25.bxc3 fxg2 26.Rfe1 Be8 27.e7 Rc4 28.Nxe8 Rxe8 29.Rad1 Kg7 30.Rd5 h6 31.Re3
Rxa4 32.Kxg2 Rg4+ 33.Kf1 Rf4 34.Rd6 Rf6 35.Rd7 Kf7 36.Ra7 g4 37.Kg2 h5 38.Kg3 Re6
39.Rxe6 Kxe6 40.Rxa6+ Kxe7 41.Rh6 Rc8 42.Rxh5 Rxc3+ 43.Kxg4 Kf6 44.Ra5 Rc2 45.Ra6+
Kg7 46.Kg3 Rc5 47.f4 Rb5 48.h4 Kf7 49.Kg4 Rc5 50.Ra7+ Kf6 51.h5 Rc1 52.Ra6+ Kf7 53.Kg5
Rf1 54.h6 Rg1+ 55.Kf5 Rh1 56.Ra7+ Kg8 57.Kg6 Rg1+ 58.Kf6 Rh1 59.Rg7+ Kf8 60.Rg6 Rh2
61.Kf5 Rh5+ 62.Kg4 Rh1 63.Ra6 Kf7 64.Kg5 Rg1+ 65.Kf5 Rh1 66.Ra7+ Kg8 67.Kg6 Rg1+ 68.Kf6
Rh1 69.Ra8+ Kh7 70.f5 Rxh6+ 71.Kf7 Rb6 72.Re8 Rb7+ 73.Re7 Rb8 74.f6 Ra8 75.Rd7 Rb8
76.Ra7 Rc8 77.Ra1 Rc7+ 78.Ke6 Rc6+ 79.Ke7 Rc7+ 80.Kd6 Rb7 81.Ra6 Kg6 82.Ke6 Rb2 83.Ke7
Rb7+ 1/2-1/2

[Event "2. Bundesliga West 2014/15"]
[Site "Diverse"]
[Date "2014.10.11"]
[Round "2"]
[Board "5"]
[White "Sucher, Johannes"]
[Black "Jedinger, Andreas"]
[Result "1-0"]
[WhiteElo "2169"]
[BlackElo "2105"]
[PlyCount "71"]
[EventDate "2014.10.10"]
[EventType "team"]
[EventRounds "11"]
[EventCountry "AUT"]
[WhiteTeam "HAK/HAS Innsbruck"]
[BlackTeam "Rochade Rum"]

1.d4 Nf6 2.Bg5 e6 3.Nd2 h6 4.Bh4 d5 5.e3 Be7 6.Bd3 Nbd7 7.f4 c5 8.c3 a5 9.Ngf3 c4
10.Bc2 b5 11.O-O Ng4 12.Bxe7 Qxe7 13.Qe2 f5 14.Ne5 Ngxe5 15.fxe5 Qg5 16.Rf4 O-O 17.h4
Qe7 18.Qh5 Kh7 19.g4 g6 20.gxf5 exf5 21.Qf3 Nb6 22.Qf2 Be6 23.Kh2 Kh8 24.Rg1 Rg8 25.Rf3
Raf8 26.h5 gxh5 27.Rxg8+ Rxg8 28.Bxf5 Nd7 29.e4 dxe4 30.Bxe6 Qxe6 31.Nxe4 Nxe5 32.dxe5
Qxe5+ 33.Rg3 b4 34.Qf6+ Qxf6 35.Rxg8+ Kxg8 36.Nxf6+ 1-0

[Event "2. Bundesliga West 2014/15"]
[Site "Diverse"]
[Date "2014.10.11"]
[Round "2"]
[Board "6"]
[White "Hoellrigl, Wilfried"]
[Black "Georgiev, Georgi"]
[Result "1/2-1/2"]
[WhiteElo "2153"]
[BlackElo "2107"]
[PlyCount "87"]
[EventDate "2014.10.10"]
[EventType "team"]
[EventRounds "11"]
[EventCountry "AUT"]
[WhiteTeam "Rochade Rum"]
[BlackTeam "HAK/HAS Innsbruck"]

1.e4 c5 2.c3 g6 3.d4 cxd4 4.Qxd4 Nf6 5.e5 Nc6 6.Qf4 Nd5 7.Qe4 Nc7 8.Bf4 Ne6 9.Bg3
Qb6 10.b3 Bg7 11.Nf3 O-O 12.Bc4 Qc5 13.b4 d5 14.Qxd5 Qb6 15.O-O Rd8 16.Qe4 h6 17.Nbd2
Nf8 18.Rfd1 Be6 19.h4 Bf5 20.Qe2 Ne6 21.Nf1 Rxd1 22.Rxd1 Rd8 23.Ne3 Rxd1+ 24.Qxd1
Qd8 25.Qb3 Qd7 26.Nxf5 gxf5 27.h5 Ned8 28.Qc2 e6 29.Bf4 Qe7 30.Qd2 Kh7 31.Bd3 f6 32.g4
fxe5 33.gxf5 Qf6 34.fxe6+ Kh8 35.e7 Qxe7 36.Bxh6 e4 37.Bg5 Qd7 38.h6 Qg4+ 39.Kf1 Qxf3
40.hxg7+ Kxg7 41.Bb5 Nf7 42.Bf4 a6 43.Bc4 b5 44.Bxf7 1/2-1/2

[Event "2. Bundesliga West 2014/15"]
[Site "Diverse"]
[Date "2014.10.11"]
[Round "2"]
[Board "1"]
[White "Zelbel, Patrick"]
[Black "Bayer, Bernhard"]
[Result "1/2-1/2"]
[WhiteElo "2441"]
[BlackElo "2441"]
[PlyCount "143"]
[EventDate "2014.10.10"]
[EventType "team"]
[EventRounds "11"]
[EventCountry "AUT"]
[WhiteTeam "Kufstein / Woergl"]
[BlackTeam "Schwaz"]

1.e4 e5 2.Nf3 Nc6 3.Bc4 Be7 4.d4 d6 5.h3 Nf6 6.d5 Nb8 7.Bd3 O-O 8.c4 c6 9.Nc3 a6 10.Be3
Nbd7 11.b4 Nh5 12.g3 g6 13.a4 c5 14.bxc5 Qa5 15.Bd2 Nxc5 16.Bc2 Bd7 17.Ne2 Qc7 18.g4
Ng7 19.Ng3 b5 20.cxb5 axb5 21.a5 Rfb8 22.Rb1 Nb7 23.Bb4 f6 24.Bd3 Nxa5 25.Qe2 Qb6
26.O-O Nb7 27.Kg2 Nc5 28.Ne1 Ra4 29.f4 Na6 30.Nc2 exf4 31.Rxf4 Rc8 32.Be1 Ra2 33.Rf2
Nc5 34.Qe3 Qb7 35.Nb4 Ra3 36.Ra2 Rca8 37.Rba1 Rxa2+ 38.Rxa2 Rxa2+ 39.Nxa2 Qa8 40.Nb4
Qa3 41.Kf3 Bd8 42.Bf1 Qxe3+ 43.Kxe3 Ba5 44.Bd2 Nb3 45.Bc3 Ne8 46.Ne2 Nc7 47.Nc6 Bb6+
48.Kf3 Kf7 49.Nf4 f5 50.gxf5 gxf5 51.Nd8+ Ke8 52.Nde6 fxe4+ 53.Kxe4 Nc5+ 54.Nxc5 Bxc5
55.Ba5 Na6 56.Ne6 Ba3 57.Kf4 Bc1+ 58.Kf3 Bb2 59.Bd3 Nc5 60.Bxb5 Nxe6 61.Bxd7+ Kxd7
62.dxe6+ Kxe6 63.Ke4 Be5 64.Bb4 d5+ 65.Kf3 Kf5 66.Bc5 Bc3 67.Bf2 Ke5 68.Be3 Bd4 69.Bf4+
Kf5 70.Bd2 h5 71.Bc1 Bf6 72.Be3 1/2-1/2

[Event "2. Bundesliga West 2014/15"]
[Site "Diverse"]
[Date "2014.10.11"]
[Round "2"]
[Board "2"]
[White "Panteleev, Petar"]
[Black "Bertagnolli, Alexander"]
[Result "0-1"]
[WhiteElo "2239"]
[BlackElo "2343"]
[PlyCount "132"]
[EventDate "2014.10.10"]
[EventType "team"]
[EventRounds "11"]
[EventCountry "AUT"]
[WhiteTeam "Schwaz"]
[BlackTeam "Kufstein / Woergl"]

1.d4 g6 2.c4 Bg7 3.Nf3 d6 4.Nc3 e5 5.e4 Nc6 6.Bg5 f6 7.Be3 Nh6 8.dxe5 dxe5 9.Qxd8+
Kxd8 10.O-O-O+ Bd7 11.h3 Kc8 12.Na4 Nd8 13.Nc3 Nhf7 14.Kc2 Ne6 15.c5 f5 16.Bc4 f4
17.c6 bxc6 18.Ba6+ Kd8 19.Bb7 fxe3 20.Bxa8 Nd6 21.fxe3 Ke7 22.Bxc6 Bxc6 23.Nd5+ Kd7
24.Nd2 Nc5 25.Rhf1 Bb5 26.Rf2 Bd3+ 27.Kc1 Ncxe4 28.Nxe4 Bxe4 29.Nc3 Bf5 30.e4 Be6
31.Kc2 Rf8 32.Rxf8 Bxf8 33.b3 Bh6 34.Rd3 Kc6 35.Kd1 Bc8 36.Kc2 Ba6 37.Rf3 Kd7 38.h4
Bb7 39.Kd3 Ke6 40.h5 gxh5 41.Rh3 Bg5 42.Rxh5 h6 43.Rh1 Bc6 44.g3 Be8 45.a4 Bg6 46.Re1
c6 47.b4 Be7 48.Rh1 Bg5 49.Re1 Be7 50.Rh1 h5 51.Rb1 Nxe4 52.Nxe4 Kd5 53.Ke3 Bg5+ 54.Nxg5
Bxb1 55.Nf3 Be4 56.Nd2 Bc2 57.a5 e4 58.a6 Bd3 59.Nb3 Bxa6 60.Nc5 Bd3 61.Nd7 Kc4 62.Nf6
Kxb4 63.Nxh5 a5 64.Nf4 a4 65.Kd2 a3 66.Kc1 Kc3 0-1

[Event "2. Bundesliga West 2014/15"]
[Site "Diverse"]
[Date "2014.10.11"]
[Round "2"]
[Board "3"]
[White "Koepke, Christian"]
[Black "Fuchs, Georg"]
[Result "1-0"]
[WhiteElo "2322"]
[BlackElo "2187"]
[PlyCount "41"]
[EventDate "2014.10.10"]
[EventType "team"]
[EventRounds "11"]
[EventCountry "AUT"]
[WhiteTeam "Kufstein / Woergl"]
[BlackTeam "Schwaz"]

1.c4 e5 2.g3 Nf6 3.Bg2 d5 4.cxd5 Nxd5 5.Nc3 Be6 6.Nf3 Nc6 7.O-O Nb6 8.d4 exd4 9.Nb5
d3 10.Ng5 Bc4 11.exd3 Bxb5 12.Qb3 Qd7 13.Re1+ Kd8 14.Qxb5 Nd4 15.Nxf7+ Qxf7 16.Bg5+
Be7 17.Rxe7 Nxb5 18.Rxf7+ Kc8 19.Rc1 a6 20.Bf4 c6 21.Bxc6 1-0

[Event "2. Bundesliga West 2014/15"]
[Site "Diverse"]
[Date "2014.10.11"]
[Round "2"]
[Board "4"]
[White "Gruber, Michael"]
[Black "Levushkina, Elena"]
[Result "1/2-1/2"]
[WhiteElo "2196"]
[BlackElo "2299"]
[PlyCount "126"]
[EventDate "2014.10.10"]
[EventType "team"]
[EventRounds "11"]
[EventCountry "AUT"]
[WhiteTeam "Schwaz"]
[BlackTeam "Kufstein / Woergl"]

1.e4 e5 2.f4 exf4 3.Bc4 Nc6 4.d4 Nf6 5.Nc3 Bb4 6.Nge2 f3 7.gxf3 d5 8.exd5 Nxd5 9.O-O
Nxc3 10.bxc3 Bd6 11.Ng3 O-O 12.Ne4 Be7 13.Bf4 Bf5 14.Rb1 Qc8 15.Qe1 Bg6 16.Qg3 Bd8
17.Nc5 Na5 18.Bd3 a6 19.Rfe1 b6 20.Ne4 Qd7 21.Nd2 Nc6 22.Nc4 b5 23.Ne5 Nxe5 24.Bxe5
f6 25.Bf4 Qf7 26.Be4 Bxe4 27.Rxe4 f5 28.Re2 Rc8 29.Be5 Qg6 30.a4 bxa4 31.Ra1 Qxg3+
32.hxg3 Re8 33.Rxa4 Ra8 34.Kf2 Re6 35.d5 Rb6 36.Bd4 Rd6 37.c4 Bf6 38.Bc5 Rd7 39.Re6
a5 40.Re3 Bb2 41.Rb3 Be5 42.f4 Bd6 43.Bd4 Bf8 44.Rb5 Re8 45.Rbxa5 Re4 46.c3 g5 47.fxg5
Rg4 48.Ra8 Kf7 49.Be5 Rxg5 50.R4a6 Rg6 51.Rxg6 hxg6 52.Ra6 Bd6 53.Bxd6 cxd6 54.Rc6
g5 55.c5 dxc5 56.Rxc5 Kf6 57.Rc6+ Ke5 58.c4 Ra7 59.d6 Ra2+ 60.Ke1 Ke6 61.c5 Ra1+ 62.Ke2
Ra2+ 63.Ke1 Ra1+ 1/2-1/2

[Event "2. Bundesliga West 2014/15"]
[Site "Diverse"]
[Date "2014.10.11"]
[Round "2"]
[Board "5"]
[White "Maurer, Jochen"]
[Black "Blaas, Hansjoerg"]
[Result "0-1"]
[WhiteElo "2254"]
[BlackElo "2232"]
[PlyCount "86"]
[EventDate "2014.10.10"]
[EventType "team"]
[EventRounds "11"]
[EventCountry "AUT"]
[WhiteTeam "Kufstein / Woergl"]
[BlackTeam "Schwaz"]

1.e4 c5 2.Nf3 Nc6 3.Bb5 g6 4.Bxc6 dxc6 5.h3 Bg7 6.d3 e5 7.Be3 b6 8.Nc3 Ne7 9.Qd2 h6
10.O-O f5 11.exf5 gxf5 12.Rae1 Qd6 13.Qc1 Bd7 14.a4 O-O-O 15.a5 b5 16.Kh1 Nd5 17.Nd2
Be6 18.Nb3 c4 19.dxc4 bxc4 20.Nc5 Nxe3 21.Nxe6 Nxf1 22.Nxd8 Rxd8 23.Rxf1 Qd2 24.Kg1
e4 25.g4 Bxc3 26.bxc3 fxg4 27.hxg4 Qxc1 28.Rxc1 Rg8 29.f3 exf3 30.Kf2 Rxg4 31.Kxf3
Rh4 32.Kg3 Rh5 33.a6 Kc7 34.Re1 Kb6 35.Re6 Rh1 36.Kg2 Rc1 37.Rxh6 Rxc2+ 38.Kf3 Rxc3+
39.Ke4 Rd3 40.Rh5 Rd5 41.Rh6 c3 42.Rh3 c2 43.Rb3+ Rb5 0-1

[Event "2. Bundesliga West 2014/15"]
[Site "Diverse"]
[Date "2014.10.11"]
[Round "2"]
[Board "6"]
[White "Kondrak, Christof"]
[Black "Kranewitter, Norbert"]
[Result "1/2-1/2"]
[WhiteElo "2132"]
[BlackElo "2049"]
[PlyCount "70"]
[EventDate "2014.10.10"]
[EventType "team"]
[EventRounds "11"]
[EventCountry "AUT"]
[WhiteTeam "Schwaz"]
[BlackTeam "Kufstein / Woergl"]

1.d4 d5 2.c4 c6 3.Nf3 Nf6 4.Nc3 dxc4 5.a4 Bf5 6.e3 e6 7.Bxc4 Bb4 8.O-O O-O 9.Qb3 Qe7
10.Bd2 Nbd7 11.Rfe1 Nb6 12.Bf1 Rfd8 13.a5 Nbd7 14.Ra4 Bxc3 15.bxc3 Nf8 16.Rb4 Rab8
17.Ba6 Rd7 18.Ne5 Rc7 19.Bd3 Bxd3 20.Nxd3 Ne4 21.Bc1 c5 22.Ra4 b5 23.dxc5 Nxc5 24.Nxc5
Qxc5 25.Bb2 Rd8 26.Raa1 Rcd7 27.Ba3 Qf5 28.Rad1 Rd2 29.Rxd2 Rxd2 30.Rf1 h5 31.Qb4
Rd8 32.e4 Qe5 33.Qe7 Qb8 34.Bc5 a6 35.Qg5 Nd7 1/2-1/2

[Event "2. Bundesliga West 2014/15"]
[Site "Diverse"]
[Date "2014.10.11"]
[Round "2"]
[Board "1"]
[White "Breder, Dennis"]
[Black "Krassowizkij, Jaroslaw"]
[Result "0-1"]
[WhiteElo "2471"]
[BlackElo "2408"]
[PlyCount "68"]
[EventDate "2014.10.10"]
[EventType "team"]
[EventRounds "11"]
[EventCountry "AUT"]
[WhiteTeam "Hohenems II"]
[BlackTeam "Goetzis"]

1.e4 e6 2.d4 d5 3.Nd2 Nf6 4.e5 Nfd7 5.c3 c5 6.Bd3 b5 7.Ndf3 b4 8.cxb4 c4 9.Bc2 Bxb4+
10.Bd2 Qb6 11.Bc3 Nc6 12.Ne2 Be7 13.O-O Nb4 14.Bb1 f6 15.exf6 Nxf6 16.Ne5 O-O 17.Ng3
Bd7 18.f4 Nc6 19.Kh1 g6 20.Nxd7 Nxd7 21.Qg4 Nd8 22.f5 exf5 23.Nxf5 Kh8 24.Qe2 Bf6
25.Ne3 Qe6 26.Bc2 Nc6 27.Qd2 Bg5 28.Rfe1 Rae8 29.Nxc4 Bxd2 30.Rxe6 Bxc3 31.Rxc6 Be1
32.Bd3 dxc4 33.Bxc4 Bf2 34.Rd6 Nb6 0-1